000 00858cab a2200217 4500
001 WB2818-41
008 090401t xxu||||| |||| 00| 0 eng d
035 _a(Sirsi) u776
041 _aeng
245 _aSurveyor who followed notes not negligent
350 _a0
490 _aChartered Surveyor Weekly
_v39(5) 70-71(2)
520 _aIn "P K Finans International v Andrew Downs & Co Ltd" HC 28 November 1991, involving an allegation of professional negligence in carrying out a valuation, it was held that the surveyor was not negligent as he had carried out the valuation according to the guidance notes laid down by the RICS.
650 _aFINANS INTERNATIONAL V ANDREW DOWNS & CO
650 _aNEGLIGENCE
650 _aRICS GUIDANCE NOTES
650 _aValuation
_96273
690 _aRATING AND VALUATION-CASE LAW
942 _n0
948 _c04/03/1997
999 _c415
_d415